[Event "Collado Villalba op 40th"]
[Site "Collado Villalba"]
[Date "2023.08.24"]
[Round "3"]
[White "Samuel Lares, Jairo"]
[Black "Franch Moreno, Marcelo"]
[Result "1-0"]
[WhiteElo "2034"]
[BlackElo "1443"]
[PlyCount "121"]
[EventDate "2023.08.22"]
[EventType "swiss"]
[EventRounds "9"]
[EventCountry "ESP"]
[SourceTitle "EXT 2024"]
[Source "ChessBase"]
[SourceDate "2023.10.10"]
[SourceVersion "1"]
[SourceVersionDate "2023.10.10"]
[SourceQuality "1"]

1. d4 d5 2. c4 dxc4 3. e4 e6 4. Bxc4 a6 5. a4 Nc6 6. Nf3 Nf6 7. Nc3 Be7 8. Be3 0-0 9. e5 Nd5 10. Bc1 Ncb4 11. 0-0 b6 12. Re1 Bb7 13. Ne4 h6 14. h3 Rc8 15. Nh2 c5 16. Ng4 Bg5 17. Nd6 Rc7 18. Nxb7 Rxb7 19. dxc5 bxc5 20. Qe2 a5 21. Rd1 Bxc1 22. Raxc1 Qg5 23. Bxd5 Nxd5 24. Rxc5 h5 25. Ne3 Nf4 26. Qf3 Rxb2 27. Rxa5 Rfb8 28. Kh2 R8b3 29. Qg3 Qxg3+ 30. Kxg3 g5 31. h4 Ne2+ 32. Kh2 Nf4 33. Rd8+ Kg7 34. Nd1 Ra2 35. hxg5 Nd3 36. g6 Kxg6 37. Rg8+ Kf5 38. Rg7 Rb1 39. Rxf7+ Kg6 40. Rf6+ Kg5 41. Nc3 Nxf2 42. Rxf2 Rxf2 43. Ne4+ Kf5 44. Nxf2 Rb3 45. g3 Rb2 46. Kg2 Rb3 47. Rb5 Ra3 48. a5 Ra2 49. Rc5 Ra1 50. Kh3 Ra4 51. Nd1 Ra3 52. Nc3 Ra1 53. Kg2 Kg4 54. Rc4+ Kf5 55. Ra4 Rc1 56. a6 Rc2+ 57. Kh3 Rxc3 58. a7 h4 59. a8Q Rxg3+ 60. Kxh4 Rg1 61. Qe4# 1-0

[Event "ESP-ch 86th"]
[Site "Linares"]
[Date "2021.08.22"]
[Round "7"]
[White "Labiano Hernandez, Juan"]
[Black "Samuel Lares, Jairo"]
[Result "1-0"]
[WhiteElo "2217"]
[BlackElo "2069"]
[PlyCount "65"]
[EventDate "2021.08.16"]
[EventType "swiss"]
[EventRounds "9"]
[EventCountry "ESP"]
[SourceTitle "CBM 204 Extra"]
[Source "ChessBase"]
[SourceDate "2021.11.30"]
[SourceVersion "1"]
[SourceVersionDate "2021.11.30"]
[SourceQuality "1"]

1. e4 c5 2. Nf3 Nc6 3. Bb5 g6 4. Bxc6 dxc6 5. d3 Bg7 6. h3 Nf6 7. Nc3 Nd7 8. Be3 e5 9. Qd2 h6 10. 0-0 b6 11. Nh2 Nf8 12. f4 exf4 13. Bxf4 Ne6 14. Be3 Nd4 15. Rae1 Be5 16. Nf3 Bg3 17. Rc1 g5 18. Bxd4 cxd4 19. Ne2 Bc7 20. Nexd4 g4 21. hxg4 Bxg4 22. Qc3 Rg8 23. Qxc6+ Bd7 24. Qd5 Bf4 25. Rce1 Rc8 26. e5 Rc5 27. Qe4 Rg4 28. Qh7 Kf8 29. e6 fxe6 30. Rxe6 Rcg5 31. Qh8+ Rg8 32. Rf6+ Ke7 33. Re1+ 1-0

[Event "Roquetas de Mar op 31st"]
[Site "Roquetas de Mar"]
[Date "2020.01.02"]
[Round "1"]
[White "Samuel Lares, Jairo"]
[Black "Bjerre, Jonas Buhl"]
[Result "0-1"]
[WhiteElo "2063"]
[BlackElo "2535"]
[PlyCount "124"]
[EventDate "2020.01.02"]
[EventType "swiss"]
[EventRounds "9"]
[EventCountry "ESP"]
[SourceTitle "CBM 194 Extra"]
[Source "ChessBase"]
[SourceDate "2020.03.31"]
[SourceVersion "1"]
[SourceVersionDate "2020.03.31"]
[SourceQuality "1"]

1. d4 Nf6 2. Nc3 d5 3. Bf4 c5 4. e3 cxd4 5. exd4 a6 6. Nf3 Nc6 7. Be2 Bg4 8. Ne5 Bxe2 9. Nxe2 e6 10. 0-0 Be7 11. c4 dxc4 12. Nxc6 bxc6 13. Qa4 Qb6 14. Qxc4 0-0 15. b3 Rac8 16. Nc3 Rfd8 17. Rfd1 Qa7 18. Na4 Rd5 19. Rac1 Ne4 20. b4 Rcd8 21. Be3 e5 22. Qxc6 exd4 23. Bf4 d3 24. Nb6 Nxf2 25. Rd2 Ne4 26. Be3 Bg5 27. Bxg5 Rxg5 28. Qxe4 Qxb6+ 29. Kh1 Rgd5 30. a3 h6 31. h3 Qd6 32. Rcd1 Rd4 33. Qf3 Qd7 34. Kg1 Qb5 35. Kh1 Qc4 36. Qb7 R8d6 37. Kh2 R4d5 38. Rf1 Rd7 39. Qa8+ Rd8 40. Qa7 R5d7 41. Qf2 Qc3 42. Rb1 Qxa3 43. b5 axb5 44. Rxb5 Qc1 45. Rbb2 Re8 46. Rb3 Qc4 47. Rbb2 Rde7 48. Qg3 Re3 49. Qd6 R8e6 50. Qd8+ Kh7 51. Rf2 Qe4 52. Rb5 Re2 53. Rbf5 Rxf2 54. Rxf2 Qe5+ 55. g3 Rd6 56. Qb8 Qd5 57. Qb1 Rd7 58. Rd2 Qe4 59. Qd1 Qe3 60. Kg2 Rd6 61. h4 Rg6 62. Rxd3 Rxg3+ 0-1

[Event "Alicante Universitario-ch"]
[Site "Alicante"]
[Date "2019.04.09"]
[Round "1.4"]
[White "Samuel Lares, Jairo"]
[Black "Taboas Rodriguez, Daniel"]
[Result "0-1"]
[WhiteElo "2041"]
[BlackElo "2423"]
[PlyCount "86"]
[EventDate "2019.04.09"]
[EventType "swiss"]
[EventRounds "9"]
[EventCountry "ESP"]
[SourceTitle "CBM 190 Extra"]
[Source "ChessBase"]
[SourceDate "2019.07.15"]
[SourceVersion "1"]
[SourceVersionDate "2019.07.15"]
[SourceQuality "1"]

1. d4 Nf6 2. Nc3 d5 3. Bf4 Bf5 4. e3 e6 5. f3 Bd6 6. Bxd6 Qxd6 7. g4 Bg6 8. Qd2 c5 9. 0-0-0 cxd4 10. exd4 Nc6 11. h4 h6 12. Nb5 Qb8 13. h5 Bh7 14. g5 hxg5 15. Qxg5 a6 16. Nc3 Bg6 17. h6 Ng8 18. Nxd5 exd5 19. Re1+ Kf8 20. hxg7+ Kxg7 21. Nh3 Qd8 22. Qg2 Qf6 23. Bd3 Nge7 24. Rhg1 Rh6 25. f4 Rah8 26. f5 Rxh3 27. fxg6 fxg6 28. Ref1 Qe6 29. Kb1 R8h6 30. Qf2 Rh8 31. Re1 Qf6 32. Qg2 Rf3 33. a3 Rh6 34. Qg4 Rf4 35. Qd7 Rxd4 36. Rgf1 Rf4 37. Rg1 b5 38. Re6 Qf7 39. Bxg6 Rxg6 40. Rexg6+ Nxg6 41. Qxc6 Rf1+ 42. Rxf1 Qxf1+ 43. Ka2 Qc4+ 0-1

[Event "ESP-ch 83rd"]
[Site "Linares"]
[Date "2018.08.24"]
[Round "5"]
[White "Sole Pijuan, Ferran"]
[Black "Samuel Lares, Jairo"]
[Result "1/2-1/2"]
[WhiteElo "2320"]
[BlackElo "2006"]
[PlyCount "116"]
[EventDate "2018.08.20"]
[EventType "swiss"]
[EventRounds "9"]
[EventCountry "ESP"]
[SourceTitle "CBM 186 Extra"]
[Source "ChessBase"]
[SourceDate "2018.08.24"]
[SourceVersion "1"]
[SourceVersionDate "2018.08.24"]
[SourceQuality "1"]

1. d4 f5 2. g3 Nf6 3. Bg2 g6 4. c3 Bg7 5. Qb3 Nc6 6. Nd2 d5 7. Nh3 e5 8. dxe5 Nxe5 9. 0-0 0-0 10. Nf4 c6 11. c4 d4 12. c5+ Kh8 13. Nc4 Ne4 14. Nxe5 Bxe5 15. Qc2 Ng5 16. Rd1 Qe7 17. Nxg6+ hxg6 18. f4 Bf6 19. fxg5 Bxg5 20. Bxg5 Qxg5 21. Qd2 Qe3+ 22. Kh1 Be6 23. Qxd4+ Qxd4 24. Rxd4 Rfd8 25. Rad1 Rxd4 26. Rxd4 Bxa2 27. Bf3 a5 28. h4 a4 29. Rd6 Ra5 30. Rd8+ Bg8 31. Rb8 Rxc5 32. Rxb7 Rc2 33. Ra7 Bb3 34. Ra6 c5 35. Bc6 Rxb2 36. Bxa4 Bxa4 37. Rxa4 Rxe2 38. Rc4 Re5 39. Kg2 Kg7 40. Kf3 Kf6 41. Kf4 Rd5 42. Ke3 Ke6 43. g4 fxg4 44. Rxg4 Kf6 45. Rc4 Ke7 46. Rg4 Rd6 47. Rg5 Re6+ 48. Kd3 Kd6 49. h5 gxh5 50. Rxh5 Kc6 51. Rh8 Rd6+ 52. Kc4 Rd4+ 53. Kc3 Rg4 54. Rc8+ Kd6 55. Rd8+ Kc7 56. Rh8 Rf4 57. Rg8 Rd4 58. Rh8 Rd7 1/2-1/2

[Event "ESP-chT CECLUB Div2"]
[Site "Linares"]
[Date "2018.08.14"]
[Round "1.1"]
[White "Garcia Martin, Marta"]
[Black "Samuel Lares, Jairo"]
[Result "1/2-1/2"]
[WhiteElo "2361"]
[BlackElo "2006"]
[PlyCount "211"]
[EventDate "2018.08.14"]
[EventType "team-swiss"]
[EventRounds "7"]
[EventCountry "ESP"]
[SourceTitle "CBM 186 Extra"]
[Source "ChessBase"]
[SourceDate "2018.08.24"]
[SourceVersion "1"]
[SourceVersionDate "2018.08.24"]
[SourceQuality "1"]
[WhiteTeam "Paterna Laboratorio SyS"]
[BlackTeam "Liberty Chess"]
[WhiteTeamCountry "ESP"]
[BlackTeamCountry "ESP"]

1. e4 c5 2. Nf3 Nc6 3. d4 cxd4 4. Nxd4 e5 5. Nb5 d6 6. N1c3 a6 7. Na3 Be7 8. Be3 Nf6 9. Nc4 Be6 10. Nb6 Rb8 11. Be2 Nxe4 12. Nxe4 d5 13. Bg4 dxe4 14. Bxe6 fxe6 15. c3 Qd3 16. Qb3 Rd8 17. Rd1 Qxd1+ 18. Qxd1 Rxd1+ 19. Kxd1 Kf7 20. Ke2 Rd8 21. Rc1 h5 22. Nc4 Kg6 23. h3 h4 24. Nd2 Kf5 25. g4+ hxg3 26. fxg3 Na5 27. b4 Nc6 28. Rf1+ Kg6 29. a4 Bf6 30. Nxe4 Ne7 31. Nc5 Nf5 32. Bf2 Bg5 33. h4 Rd2+ 34. Ke1 Be3 35. Bxe3 Nxe3 36. Rf3 Nc4 37. Nxe6 Rd6 38. Nc5 b6 39. Ne4 Rd7 40. Ke2 Nb2 41. Rf1 Nxa4 42. Ra1 b5 43. Ke3 Rc7 44. Kd3 Rd7+ 45. Ke3 Rc7 46. Ra3 Rc6 47. Kf3 Rc4 48. g4 Rc6 49. h5+ Kf7 50. Ke3 Ke7 51. Kd3 Nb2+ 52. Kc2 Nc4 53. Ra1 Ne3+ 54. Kb3 Rc4 55. Nd2 Rxg4 56. Rxa6 Rg2 57. Ra7+ Kf8 58. Rd7 Rh2 59. Rd3 Ng4 60. Ne4 Nf6 61. Nd6 Rxh5 62. Nxb5 e4 63. Rd8+ Ke7 64. Rb8 e3 65. Rb7+ Kf8 66. Nd4 Re5 67. Ne2 g5 68. Kc4 g4 69. Kd4 Re8 70. Rb5 Kf7 71. Re5 Rc8 72. Kxe3 Rd8 73. c4 g3 74. Rg5 Re8+ 75. Kd3 Ne4 76. Rf5+ Kg6 77. Rf4 Nf2+ 78. Kd2 g2 79. Ng1 Re1 80. Kxe1 Nd3+ 81. Ke2 Nxf4+ 82. Ke3 Kf5 83. b5 Ne6 84. b6 Nd8 85. Kd4 Ke6 86. Kc5 Kd7 87. Kb5 Kc8 88. Ka6 Kb8 89. c5 Nc6 90. Nh3 Nd4 91. b7 Ne6 92. c6 Nc7+ 93. Kb6 Ne6 94. Ng1 Nc7 95. Kc5 Ne8 96. Kb6 Nc7 97. Nf3 Ne8 98. Ka5 Kc7 99. Ka6 Kb8 100. Ne5 g1Q 101. Nd7+ Kc7 102. b8Q+ Kxc6 103. Ne5+ Kd5 104. Qb5+ Ke4 105. Qe2+ Kd5 106. Qb5+ 1/2-1/2

[Event "BCF-chT3N 1718 (4NCL)"]
[Site "England"]
[Date "2018.02.11"]
[Round "6.203"]
[White "Samuel Lares, Jairo"]
[Black "Combie, Alexander"]
[Result "0-1"]
[WhiteElo "2017"]
[BlackElo "1966"]
[PlyCount "122"]
[EventDate "2017.11.11"]
[EventType "team-swiss"]
[EventRounds "11"]
[EventCountry "ENG"]
[SourceTitle "EXT 2020"]
[Source "ChessBase"]
[SourceDate "2019.10.17"]
[SourceVersion "1"]
[SourceVersionDate "2019.10.17"]
[SourceQuality "1"]
[WhiteTeam "Holmes Chapel"]
[BlackTeam "Ashfield Breadsall"]
[WhiteTeamCountry "ENG"]
[BlackTeamCountry "ENG"]

1. d4 Nf6 2. Nc3 d5 3. Bf4 e6 4. e3 Bb4 5. Bd3 c5 6. dxc5 Bxc5 7. Nf3 Bd6 8. Bg3 a6 9. e4 dxe4 10. Nxe4 Nxe4 11. Bxe4 Bb4+ 12. c3 Qxd1+ 13. Rxd1 Be7 14. 0-0 Nc6 15. Bxc6+ bxc6 16. Ne5 c5 17. Nc6 Bf6 18. Bd6 Bd7 19. Ne5 Bxe5 20. Bxe5 f6 21. Bd6 c4 22. Ba3 Bc6 23. Rfe1 Kf7 24. Rd4 Bd5 25. f4 f5 26. g4 fxg4 27. f5 Rhe8 28. Rf1 Kg8 29. f6 gxf6 30. Rxf6 Kg7 31. Rf2 h5 32. Bd6 Kg6 33. Rdf4 Bf3 34. Rxc4 Rad8 35. Rd2 e5 36. Rb4 Re6 37. Rb6 e4 38. Kf1 e3 39. Rd4 e2+ 40. Ke1 h4 41. Bc7 Rxb6 42. Bxb6 Rh8 43. Rf4 Rb8 44. Rb4 g3 45. hxg3 hxg3 46. Bd4 Rf8 47. Rb6+ Kg5 48. Rxa6 Bh5 49. Ra5+ Kh4 50. Rxh5+ Kxh5 51. Kxe2 Kg4 52. a4 Re8+ 53. Kd3 Rd8 54. Kc4 Rxd4+ 55. cxd4 g2 56. a5 g1Q 57. b4 Kf5 58. b5 Ke6 59. a6 Kd6 60. a7 Qa1 61. b6 Kc6 0-1

[Event "BCF-chT3N 1718 (4NCL)"]
[Site "England"]
[Date "2018.01.14"]
[Round "4.42"]
[White "Page, Mark"]
[Black "Samuel Lares, Jairo"]
[Result "1-0"]
[WhiteElo "2142"]
[BlackElo "2022"]
[PlyCount "77"]
[EventDate "2017.11.11"]
[EventType "team-swiss"]
[EventRounds "11"]
[EventCountry "ENG"]
[SourceTitle "EXT 2020"]
[Source "ChessBase"]
[SourceDate "2019.10.17"]
[SourceVersion "1"]
[SourceVersionDate "2019.10.17"]
[SourceQuality "1"]
[WhiteTeam "Warwicks Select II"]
[BlackTeam "Holmes Chapel"]
[WhiteTeamCountry "ENG"]
[BlackTeamCountry "ENG"]

1. e4 c5 2. Nc3 Nc6 3. f4 g6 4. Nf3 Bg7 5. Bb5 Nd4 6. 0-0 e6 7. e5 a6 8. Bd3 d6 9. Ne4 Nf5 10. Kh1 c4 11. Be2 d5 12. Nf2 h5 13. a4 Ngh6 14. b3 cxb3 15. cxb3 Ng4 16. Ba3 Qb6 17. Nd3 Bf8 18. a5 Qd8 19. Ng5 Bd7 20. Bxf8 Kxf8 21. Nc5 Qe7 22. Rc1 Bc6 23. b4 Nxe5 24. Ngxe6+ fxe6 25. fxe5 Kf7 26. Nxa6 bxa6 27. Rxc6 Qxb4 28. Rc7+ Kg8 29. Qc2 Qf8 30. Qc6 Re8 31. Bxa6 h4 32. Rxf5 gxf5 33. Bb5 Re7 34. Rc8 Kf7 35. Rxf8+ Rxf8 36. a6 Rb8 37. Kg1 f4 38. Qc5 Rg8 39. Kf2 1-0

[Event "Andalucia-chA"]
[Site "Roquetas de Mar"]
[Date "2017.05.21"]
[Round "8"]
[White "Jimenez Bernal, Francisco"]
[Black "Samuel Lares, Jairo"]
[Result "1-0"]
[WhiteElo "2238"]
[BlackElo "1969"]
[PlyCount "45"]
[EventDate "2017.05.13"]
[EventType "swiss"]
[EventRounds "8"]
[EventCountry "ESP"]
[SourceTitle "EXT 2020"]
[Source "ChessBase"]
[SourceDate "2019.10.17"]
[SourceVersion "1"]
[SourceVersionDate "2019.10.17"]
[SourceQuality "1"]

1. d4 f5 2. g3 g6 3. Bg2 Nf6 4. c4 Bg7 5. Nf3 d6 6. 0-0 0-0 7. Nc3 c6 8. b3 e5 9. dxe5 dxe5 10. Ba3 Qxd1 11. Raxd1 Re8 12. e4 Nxe4 13. Nxe4 fxe4 14. Ng5 e3 15. fxe3 Bh6 16. Ne4 Bxe3+ 17. Kh1 Kg7 18. Nd6 Rd8 19. Nf5+ Bxf5 20. Rxd8 Bg5 21. Re8 Kf7 22. Rf8+ Ke6 23. Rd1 1-0

[Event "Andalucia-ch"]
[Site "Lucena"]
[Date "2012.04.30"]
[Round "8"]
[White "Garcia Jimenez, Francisco Javier"]
[Black "Samuel Lares, Jairo"]
[Result "1-0"]
[WhiteElo "2286"]
[BlackElo "1929"]
[PlyCount "55"]
[EventDate "2012.04.26"]
[EventType "swiss"]
[EventRounds "9"]
[EventCountry "ESP"]
[SourceTitle "EXT 2013"]
[Source "ChessBase"]
[SourceDate "2012.11.22"]
[SourceVersion "1"]
[SourceVersionDate "2012.11.22"]
[SourceQuality "1"]

1. e4 e5 2. Nf3 Nc6 3. Bc4 Bc5 4. b4 Bxb4 5. c3 Ba5 6. d4 exd4 7. 0-0 d6 8. cxd4 Bg4 9. Bb2 Nge7 10. Bxf7+ Kd7 11. d5 Rf8 12. dxc6+ Nxc6 13. Bc4 Bxf3 14. gxf3 h5 15. Nc3 Bxc3 16. Bxc3 h4 17. Kh1 Qe7 18. Rb1 h3 19. Rxb7 Rf4 20. Bd5 Ne5 21. Bxe5 Qxe5 22. Rxc7+ Kxc7 23. Bxa8 Rf8 24. Bd5 g5 25. Qc2+ Kd8 26. Rc1 Rxf3 27. Qc8+ Ke7 28. Qb7+ 1-0